Geography Quiz

Random Geography or Blitz Quiz
Score 0/197 Timer 06:00
11 Plays Today
% Correct
France
98.7%
China
98.7%
Russia
98.6%
Brazil
98.1%
Poland
97.9%
Germany
97.8%
Pakistan
97.7%
Kazakhstan
97.6%
North Korea
97.6%
Switzerland
97.6%
Azerbaijan
97.5%
Ukraine
97.3%
Mongolia
97.1%
Afghanistan
97.1%
India
97.1%
Myanmar
97%
United States
97%
Mexico
97%
Finland
96.9%
Norway
96.9%
Austria
96.8%
Georgia
96.6%
Bolivia
96.5%
Italy
96.4%
Lithuania
96.2%
Argentina
96.2%
Suriname
96%
Peru
95.9%
Laos
95.8%
Belarus
95.8%
Spain
95.8%
Colombia
95.8%
Belgium
95.8%
Canada
95.7%
Bhutan
95.6%
Nepal
95.6%
Libya
95.6%
Latvia
95.5%
Turkey
95.5%
Luxembourg
95.1%
Iran
94.9%
Estonia
94.6%
Sudan
94.5%
Paraguay
94.5%
Vietnam
94.4%
Iraq
94.4%
Tajikistan
94.2%
Andorra
94%
Czechia
93.9%
Uruguay
93.5%
Venezuela
92.9%
Kyrgyzstan
92.7%
Mozambique
92.5%
South Africa
92.4%
Zimbabwe
92.2%
Botswana
92.1%
Guyana
92%
Algeria
92%
Niger
92%
Slovenia
91.9%
Egypt
91.9%
Namibia
91.8%
Chad
91.7%
Syria
91.4%
Bulgaria
90.9%
Saudi Arabia
90.5%
% Correct
Hungary
90.4%
Jordan
90.4%
Armenia
90.4%
Greece
90.3%
Mali
90.2%
Chile
89.8%
Israel
89.7%
Burkina Faso
89%
Slovakia
88.7%
Ireland
88.7%
United Kingdom
88.7%
Morocco
88.6%
Denmark
88.4%
Dem. Rep. of the Congo
88.3%
Central African Republic
88.2%
Guatemala
88%
North Macedonia
87.9%
Netherlands
87.4%
Tanzania
87.3%
Palestine
87.3%
Australia
87.1%
eSwatini
86.8%
Turkmenistan
86.7%
Serbia
86.3%
Zambia
86.2%
Lesotho
86%
Ethiopia
85.9%
Nigeria
85.8%
Cameroon
85.4%
Bangladesh
85.2%
Sweden
85.2%
Romania
84.5%
Uganda
84.3%
Kenya
84.1%
Malaysia
84%
Albania
83.9%
Kuwait
83%
Cote d'Ivoire
82.8%
Monaco
82.6%
Thailand
82.3%
Belize
81.7%
Portugal
81.4%
Guinea
81.2%
Vatican City
81.2%
Republic of the Congo
80.7%
Oman
80.4%
Croatia
80.4%
Montenegro
80.2%
Cambodia
80.1%
Benin
80.1%
Indonesia
79.8%
Panama
79.8%
San Marino
79.6%
Japan
79.3%
Somalia
78.4%
Angola
78.2%
Mauritania
78.1%
United Arab Emirates
77.9%
Costa Rica
77.4%
Ecuador
76.7%
Yemen
76.7%
Senegal
76.2%
Eritrea
76.1%
Rwanda
75.9%
Kosovo
75.8%
Honduras
75.7%
% Correct
New Zealand
75%
Uzbekistan
74.2%
Tunisia
73.7%
Papua New Guinea
72.7%
Ghana
72.6%
Nicaragua
71.9%
Burundi
71.8%
Djibouti
71.4%
South Sudan
71.2%
Lebanon
71%
Bosnia and Herzegovina
71%
El Salvador
70.9%
Liechtenstein
70.3%
Dominican Republic
70.3%
Haiti
70.3%
Togo
69.9%
Liberia
69.5%
Timor-Leste
69.4%
South Korea
69.2%
Qatar
69.2%
Iceland
68.8%
Cuba
68.7%
Moldova
67.4%
Malawi
65.7%
Madagascar
63.6%
Sierra Leone
62.1%
Guinea-Bissau
61.2%
Jamaica
60.8%
Gabon
60.7%
Fiji
56.9%
Brunei
56.8%
Equatorial Guinea
56.7%
Bahamas
55.5%
The Gambia
53.1%
Dominica
52.7%
Cyprus
50.7%
Sri Lanka
49.9%
Barbados
49.6%
Malta
49.3%
St. Kitts and Nevis
48.9%
Philippines
47.9%
St. Lucia
46.8%
Seychelles
46.8%
Trinidad and Tobago
46.6%
Tonga
45.8%
Maldives
45.5%
Samoa
45%
Vanuatu
44.8%
Taiwan
44.6%
Antigua and Barbuda
44.3%
Marshall Islands
44.2%
Comoros
43.9%
St. Vincent and the Gren.
43.8%
Palau
43.6%
Tuvalu
43.5%
Mauritius
43.3%
Singapore
42.4%
Nauru
42.3%
Grenada
41.9%
Micronesia
41.8%
Kiribati
41.7%
Solomon Islands
41.6%
Cabo Verde
41.4%
Bahrain
41.4%
Sao Tome and Principe
37.9%
Remove Ads.
Support Sporcle.
Get the best of Sporcle when you Go Orange. This ad-free experience offers more features, more stats, and more fun while also helping to support Sporcle. Thank you for becoming a member.

You're not logged in!

Compare scores with friends on all Sporcle quizzes.
OR
Log In

Sporcle TV

Today on Sporcle TV


Watch our educational content, quiz creation guides, and fun videos on Sporcle TV.

Show Comments

Extras

Top Quizzes Today


Score Distribution

Paid Content

Your Account Isn't Verified!

In order to create a playlist on Sporcle, you need to verify the email address you used during registration. Go to your Sporcle Settings to finish the process.

Report this User

Report this user for behavior that violates our Community Guidelines.

Details: